<?xml version="1.0" encoding="UTF-8"?>
<record
    xmlns:xsi="http://www.w3.org/2001/XMLSchema-instance"
    xsi:schemaLocation="http://www.loc.gov/MARC21/slim http://www.loc.gov/standards/marcxml/schema/MARC21slim.xsd"
    xmlns="http://www.loc.gov/MARC21/slim">

  <leader>01106nam a22001577a 4500</leader>
  <controlfield tag="008">180803b        xxu||||| |||| 00| 0 eng d</controlfield>
  <datafield tag="020" ind1=" " ind2=" ">
    <subfield code="a">9783000596131</subfield>
  </datafield>
  <datafield tag="082" ind1=" " ind2=" ">
    <subfield code="a">700.74</subfield>
    <subfield code="b">B588b</subfield>
  </datafield>
  <datafield tag="100" ind1=" " ind2=" ">
    <subfield code="a">Ngcobo, Gabi et al. (Curadores)</subfield>
    <subfield code="9">6562</subfield>
  </datafield>
  <datafield tag="110" ind1=" " ind2=" ">
    <subfield code="a">KUNST-WERKE BERLIN e. V. (Organizador)</subfield>
    <subfield code="9">6563</subfield>
  </datafield>
  <datafield tag="245" ind1=" " ind2=" ">
    <subfield code="a">10th Berlin Biennale for Contemporary Art: We Don't Need Another Hero</subfield>
  </datafield>
  <datafield tag="260" ind1=" " ind2=" ">
    <subfield code="a">Germany</subfield>
    <subfield code="b">10th Berlin Biennale for Contemporary Art</subfield>
    <subfield code="c">2018</subfield>
  </datafield>
  <datafield tag="300" ind1=" " ind2=" ">
    <subfield code="a">296 p.</subfield>
    <subfield code="b">ill (col).</subfield>
    <subfield code="c">14.7 cm</subfield>
  </datafield>
  <datafield tag="505" ind1=" " ind2=" ">
    <subfield code="t">Index of Artists</subfield>
    <subfield code="t">Maps</subfield>
    <subfield code="t">Exhibition Venues</subfield>
    <subfield code="t">Tickets and Prices</subfield>
    <subfield code="t">Tours</subfield>
    <subfield code="t">Mediation Program</subfield>
    <subfield code="t">I'M NOT WHO YOU THINK I'M NOT Public Program</subfield>
    <subfield code="t">I'M NOT WHO YOU THINK I'M NOT A MANIFESTO</subfield>
    <subfield code="r">Ngcobo, Gabi et al.</subfield>
    <subfield code="t">DEAR HISTORY, WE DON'T NEED ANOTHER HERO</subfield>
    <subfield code="r">Ngcobo, Gabi</subfield>
    <subfield code="t">Akademie der K&#xFC;nste</subfield>
    <subfield code="t">HAU Hebbel am Ufer (HAU2)</subfield>
    <subfield code="t">KW Institute for Contemporary Art</subfield>
    <subfield code="t">Volksb&#xFC;hne Pavilion</subfield>
    <subfield code="t">ZK/U - Center for Art and Urbanistics</subfield>
    <subfield code="t">List of Works</subfield>
    <subfield code="t">Image Credits</subfield>
    <subfield code="t">Lenders</subfield>
    <subfield code="t">Support</subfield>
    <subfield code="t">Team 10th Berlin Biennale</subfield>
    <subfield code="t">Thanks</subfield>
    <subfield code="t">Colophon</subfield>
  </datafield>
  <datafield tag="650" ind1=" " ind2=" ">
    <subfield code="2">Arte Contemporaneo</subfield>
    <subfield code="x">Arte - exhibiciones</subfield>
    <subfield code="x">Arte - bienales</subfield>
    <subfield code="x">Arte - festivales</subfield>
    <subfield code="z">Arte - Berl&#xED;n</subfield>
    <subfield code="9">6564</subfield>
  </datafield>
  <datafield tag="999" ind1=" " ind2=" ">
    <subfield code="c">1568</subfield>
    <subfield code="d">1568</subfield>
  </datafield>
  <datafield tag="952" ind1=" " ind2=" ">
    <subfield code="0">0</subfield>
    <subfield code="1">0</subfield>
    <subfield code="2">ddc</subfield>
    <subfield code="4">0</subfield>
    <subfield code="7">0</subfield>
    <subfield code="a">LV</subfield>
    <subfield code="b">LV</subfield>
    <subfield code="c">Eventos y Bienales</subfield>
    <subfield code="d">2018-08-03</subfield>
    <subfield code="l">0</subfield>
    <subfield code="o">700.74 B588b</subfield>
    <subfield code="p">004648</subfield>
    <subfield code="r">2018-08-03 00:00:00</subfield>
    <subfield code="w">2018-08-03</subfield>
    <subfield code="y">01</subfield>
  </datafield>
</record>
